[Event "28.Alpenpokal"]
[Site "?"]
[Date "2002.??.??"]
[Round "5"]
[White "Maugg, Ludwig"]
[Black "Rueggeberg, Wilhelm"]
[Result "1/2-1/2"]
[WhiteElo "2141"]
[BlackElo "1847"]
[Annotator "ChessOrg"]
[PlyCount "56"]

1. d4 Nf6 2. c4 e6 3. Nf3 d5 4. Nc3 c6 5. g3 Bb4 6. Bg2 Qa5 7. Bd2 Nbd7 8. a3
Bxc3 9. Bxc3 Qc7 10. b3 O-O 11. O-O Ne4 12. Bb2 f5 13. Bc1 Qd8 14. Qd3 Qf6 15.
Bf4 g5 16. Be5 Nxe5 17. Nxe5 Qg7 18. f3 Nf6 19. e4 f4 20. Rae1 dxe4 21. fxe4
fxg3 22. hxg3 Bd7 23. c5 Be8 24. Qc4 Bf7 25. Rf2 Rae8 26. Ref1 Bg6 27. Re1 Bh5
28. Ref1 Bg6 1/2-1/2

[Event "28.Alpenpokal"]
[Site "?"]
[Date "2002.??.??"]
[Round "5"]
[White "Mueller, Helmut"]
[Black "Rodemann, Edmund"]
[Result "1-0"]
[WhiteElo "1870"]
[BlackElo "2064"]
[Annotator "ChessOrg"]
[PlyCount "83"]

1. d4 f5 2. c4 Nf6 3. Nc3 g6 4. Nf3 Bg7 5. g3 O-O 6. Bg2 d6 7. O-O Qe8 8. Qb3
Na6 9. c5+ e6 10. cxd6 cxd6 11. Bf4 d5 12. Bd6 Rf7 13. Ne5 Ne4 14. Nxf7 Qxf7
15. Nxe4 fxe4 16. e3 Nb8 17. Bxb8 Rxb8 18. Rac1 b6 19. Qa3 Bf8 20. Qc3 Ba6 21.
Rfe1 Bd6 22. Bf1 Rf8 23. Rc2 Bb7 24. a3 h5 25. Rec1 h4 26. Qe1 e5 27. dxe5 Bxe5
28. b4 Qf6 29. Bb5 Bb2 30. Rb1 Be5 31. Rbc1 Bb2 32. Rb1 Be5 33. a4 a6 34. Bf1
d4 35. exd4 Bxd4 36. Bg2 Qf5 37. Rbc1 h3 38. Bh1 e3 39. fxe3 Bxh1 40. exd4 Qd5
41. Qe5 Qf3 42. Qe6+ 1-0

[Event "28.Alpenpokal"]
[Site "?"]
[Date "2002.??.??"]
[Round "5"]
[White "Emde, Rainer"]
[Black "Perk, Egbert"]
[Result "1-0"]
[WhiteElo "1800"]
[BlackElo "2063"]
[Annotator "ChessOrg"]
[PlyCount "57"]

1. d4 d6 2. Nf3 Nf6 3. c4 Bg4 4. e3 Nbd7 5. Nc3 e5 6. Be2 c6 7. h3 Bh5 8. O-O
e4 9. Nd2 Bg6 10. Qc2 Rc8 11. b3 d5 12. a4 Bd6 13. Ba3 Bxa3 14. Rxa3 O-O 15. a5
a6 16. Rc1 c5 17. Qb2 cxd4 18. exd4 Nb8 19. cxd5 Nxd5 20. Ncxe4 Rxc1+ 21. Qxc1
Nf4 22. Bf3 Qxd4 23. Ra4 Qd3 24. Nf6+ gxf6 25. Rxf4 Rd8 26. Ne4 Bxe4 27. Bxe4
Qxb3 28. Rg4+ Kf8 29. Qc5+ 1-0

[Event "28.Alpenpokal"]
[Site "?"]
[Date "2002.??.??"]
[Round "5"]
[White "Buesdorf, Konrad"]
[Black "Jaeger, Erich"]
[Result "0-1"]
[WhiteElo "1796"]
[BlackElo "1906"]
[Annotator "ChessOrg"]
[PlyCount "94"]

1. b4 e5 2. Bb2 d6 3. c4 f5 4. e3 Nf6 5. Nf3 Be7 6. d4 e4 7. Nfd2 O-O 8. Be2 c6
9. a4 Be6 10. Nc3 Qe8 11. Qb3 Nbd7 12. a5 Qg6 13. g3 b5 14. d5 bxc4 15. Bxc4
cxd5 16. Nxd5 Nxd5 17. Bxd5 Bxd5 18. Qxd5+ Qf7 19. Qxf7+ Kxf7 20. Rc1 Rfc8 21.
Ke2 Bf6 22. Bxf6 Kxf6 23. Nb3 Ne5 24. Rxc8 Rxc8 25. Rc1 Rb8 26. Nd4 Rxb4 27.
Nc6 Rb2+ 28. Kd1 Nd3 29. Rc2 Rb1+ 30. Kd2 Ra1 31. Kc3 a6 32. h4 Rf1 33. Nb8 Ra1
34. Nc6 Ne1 35. Re2 Rc1+ 36. Kb3 Rxc6 37. Rxe1 Rc5 38. Ra1 g5 39. hxg5+ Kxg5
40. Ra2 Kg4 41. Rd2 Rxa5 42. Rxd6 Kf3 43. Rd2 Ra1 44. Rd5 Kxf2 45. Rxf5+ Kxe3
46. Rh5 Kf2 47. Rxh7 e3 0-1

[Event "28.Alpenpokal"]
[Site "?"]
[Date "2002.??.??"]
[Round "5"]
[White "Josting, Friedel"]
[Black "Watson, Ron"]
[Result "0-1"]
[WhiteElo "1862"]
[BlackElo "2200"]
[Annotator "ChessOrg"]
[PlyCount "74"]

1. Nf3 d5 2. d4 Nf6 3. Bf4 c5 4. e3 e6 5. Nbd2 Qb6 6. Rb1 Nc6 7. c3 h6 8. Bd3
c4 9. Bc2 Nh5 10. Bg3 Nxg3 11. hxg3 Qa5 12. e4 Be7 13. Qe2 Qxa2 14. g4 Qa5 15.
O-O Qc7 16. Rfe1 b5 17. exd5 exd5 18. Ne5 Nxe5 19. dxe5 Be6 20. Bf5 g6 21. Bxe6
fxe6 22. Nf3 Bc5 23. Qd2 Qf7 24. b3 h5 25. g5 O-O 26. bxc4 bxc4 27. Nd4 Bxd4
28. Qxd4 Qf4 29. Rbd1 Qxg5 30. Re3 Rf4 31. Qc5 Raf8 32. Qd6 Rxf2 33. Qxe6+ Kh7
34. Qh3 Rxg2+ 35. Qxg2 Qxe3+ 36. Kh1 Rf2 37. Qxd5 Qh3+ 0-1

[Event "28.Alpenpokal"]
[Site "?"]
[Date "2002.??.??"]
[Round "5"]
[White "Heissenbuettel, Hans-Erich"]
[Black "Weber, Gerhard"]
[Result "1/2-1/2"]
[WhiteElo "1923"]
[BlackElo "2136"]
[Annotator "ChessOrg"]
[PlyCount "32"]

1. c4 Nf6 2. Nc3 g6 3. g3 Bg7 4. Bg2 d6 5. d4 O-O 6. Nf3 c6 7. O-O Bg4 8. h3
Bxf3 9. Bxf3 Nbd7 10. Bg2 e5 11. Be3 Qe7 12. Qb3 c5 13. dxc5 Nxc5 14. Bxc5 dxc5
15. Rad1 Rad8 16. Rxd8 Rxd8 1/2-1/2

[Event "28.Alpenpokal"]
[Site "?"]
[Date "2002.??.??"]
[Round "5"]
[White "Moehring, Norbert"]
[Black "Fehres, Werner"]
[Result "1-0"]
[WhiteElo "1818"]
[BlackElo "2104"]
[Annotator "ChessOrg"]
[PlyCount "81"]

1. b4 e5 2. a3 d5 3. Bb2 f6 4. e3 c6 5. c4 Be6 6. cxd5 cxd5 7. Nc3 Bd6 8. Rc1
Ne7 9. Nb5 O-O 10. Nf3 Nbc6 11. Nxd6 Qxd6 12. Be2 Kh8 13. O-O Rfc8 14. Nh4 Nd8
15. Qa4 Bd7 16. Bb5 Ndc6 17. Qd1 a6 18. Ba4 b5 19. Bc2 f5 20. f4 Rf8 21. fxe5
Nxe5 22. Nf3 Nc4 23. Bd4 Qh6 24. Ne5 Be8 25. Qe1 Nxe5 26. Bxe5 Qe6 27. Qg3 Ng6
28. Bc3 Rf7 29. Rf3 Bd7 30. Rcf1 Raf8 31. Bd4 Ne7 32. h4 Kg8 33. h5 Qh6 34. Rf4
Be6 35. Bc5 Qf6 36. Qf3 g5 37. Qg3 Rg7 38. R4f2 f4 39. exf4 Nf5 40. Bxf5 Bxf5
41. Bxf8 1-0

[Event "28.Alpenpokal"]
[Site "?"]
[Date "2002.??.??"]
[Round "5"]
[White "Moerger, Karl-Heinz"]
[Black "Gerhards, Walter"]
[Result "0-1"]
[WhiteElo "1782"]
[BlackElo "2086"]
[Annotator "ChessOrg"]
[PlyCount "44"]

1. e4 e6 2. d4 d5 3. e5 c5 4. c3 Nc6 5. Nf3 cxd4 6. cxd4 Qb6 7. Nc3 Bd7 8. Na4
Bb4+ 9. Bd2 Bxd2+ 10. Qxd2 Qb4 11. Nc5 Rc8 12. Rc1 Nh6 13. Rc3 Nf5 14. a3 Qa5
15. g4 Nfxd4 16. Nxd4 Nxe5 17. Nxb7 Qb6 18. Rxc8+ Bxc8 19. Bb5+ Bd7 20. Bxd7+
Kxd7 21. Qb4 Nd3+ 22. Ke2 Nxb4 0-1

[Event "28.Alpenpokal"]
[Site "?"]
[Date "2002.??.??"]
[Round "5"]
[White "Zoefel, Peter"]
[Black "Johne, Siegfried"]
[Result "1-0"]
[WhiteElo "2070"]
[BlackElo "1832"]
[Annotator "ChessOrg"]
[PlyCount "46"]

1. d4 Nf6 2. Nf3 g6 3. e3 Bg7 4. Bd3 d5 5. Nbd2 O-O 6. O-O b6 7. e4 dxe4 8.
Nxe4 Bb7 9. Nxf6+ Bxf6 10. c3 Nd7 11. Bf4 c5 12. dxc5 Nxc5 13. Be2 Qxd1 14.
Rfxd1 Rfd8 15. h3 Na4 16. Rxd8+ Rxd8 17. Bc1 Be4 18. a3 Nc5 19. Be3 Na4 20. Bc1
Bc2 21. Ne1 Nxc3 22. bxc3 Bxc3 23. Nxc2 Bxa1 1-0

[Event "28.Alpenpokal"]
[Site "?"]
[Date "2002.??.??"]
[Round "5"]
[White "Korhonen, Erkki"]
[Black "Walther, Diethelm"]
[Result "1-0"]
[WhiteElo "1800"]
[BlackElo "2101"]
[Annotator "ChessOrg"]
[PlyCount "57"]

1. c4 d5 2. cxd5 Qxd5 3. Nc3 Qa5 4. g3 c6 5. Nf3 e5 6. Bg2 Be7 7. O-O Be6 8. d3
h6 9. Bd2 Qc7 10. Rc1 Nd7 11. d4 exd4 12. Nxd4 Nf8 13. Nxc6 bxc6 14. Nb5 Qd8
15. Bxc6+ Bd7 16. Bxd7+ Nxd7 17. Nc7+ Kf8 18. Ba5 Nb6 19. Bxb6 axb6 20. Nxa8
Qxa8 21. Qd7 Bc5 22. Rfd1 Nf6 23. Qc7 Ne8 24. Rd8 Qe4 25. Rcd1 g6 26. Rxe8+
Qxe8 27. Rd8 Kg7 28. Rxe8 Rxe8 29. e3 1-0

[Event "28.Alpenpokal"]
[Site "?"]
[Date "2002.??.??"]
[Round "5"]
[White "Angerer, Martin"]
[Black "Sakowski, Christian"]
[Result "1-0"]
[WhiteElo "1991"]
[BlackElo "1718"]
[Annotator "ChessOrg"]
[PlyCount "143"]

1. e4 c6 2. d4 g6 3. Nc3 Bg7 4. Nf3 d5 5. h3 dxe4 6. Nxe4 Nd7 7. Bc4 Ndf6 8.
Nxf6+ Nxf6 9. O-O O-O 10. Re1 Qc7 11. Qe2 e6 12. Bg5 b6 13. Rad1 Nd5 14. Qd2
Re8 15. Bf1 Bb7 16. c4 Nf6 17. Ne5 Nd7 18. Ng4 h5 19. Bf4 Qd8 20. Nh6+ Kf8 21.
Bd6+ Re7 22. g4 Nf6 23. Bxe7+ Qxe7 24. gxh5 Nxh5 25. Ng4 Rd8 26. Qe3 Qh4 27.
Bg2 g5 28. Bf1 Kg8 29. Rd2 Nf4 30. Red1 f5 31. Nh2 Bf6 32. Qg3 Qh6 33. Nf3 Kg7
34. Ne1 Rh8 35. c5 b5 36. b4 Kf7 37. Nd3 Rg8 38. Kh2 Bc8 39. Nxf4 gxf4 40. Qf3
Bd7 41. Bg2 Bg5 42. a4 a6 43. axb5 axb5 44. Ra1 Rc8 45. Ra7 Ke8 46. Rd1 Bf6 47.
Bf1 Qh8 48. Be2 Kd8 49. Qh5 Qxh5 50. Bxh5 Rc7 51. Rxc7 Kxc7 52. Kg2 e5 53. dxe5
Bxe5 54. Kf3 Be6 55. Ke2 Bd5 56. Bf3 Be4 57. h4 Bc3 58. h5 Bxb4 59. Bxe4 fxe4
60. Rc1 Ba3 61. Rc2 b4 62. h6 b3 63. Rc3 Bxc5 64. Rxb3 Bd4 65. h7 c5 66. Ra3
Kb7 67. Ra4 Bh8 68. Kd2 e3+ 69. fxe3 fxe3+ 70. Kxe3 c4 71. Rxc4 Kb8 72. Re4 1-0

[Event "28.Alpenpokal"]
[Site "?"]
[Date "2002.??.??"]
[Round "5"]
[White "Woell, Josef"]
[Black "Martino-Gross, Peter"]
[Result "0-1"]
[WhiteElo "1756"]
[BlackElo "1963"]
[Annotator "ChessOrg"]
[PlyCount "114"]

1. d4 Nf6 2. Bg5 Ne4 3. Bh4 c5 4. f3 g5 5. fxe4 gxh4 6. d5 Bg7 7. c3 d6 8. Nd2
Nd7 9. Ngf3 Ne5 10. h3 Ng6 11. e3 Bd7 12. Bd3 b5 13. O-O c4 14. Bc2 Qb6 15. Qe2
O-O 16. Nd4 e6 17. Kh1 Rae8 18. Qf2 Be5 19. Qf3 Qd8 20. a4 a6 21. axb5 axb5 22.
Qh5 exd5 23. exd5 Bg7 24. Qf3 Qg5 25. Ne4 Qe5 26. Ra7 f5 27. Ng5 f4 28. Bxg6
hxg6 29. Rxd7 Qxg5 30. exf4 Qg3 31. Ne6 Rf7 32. Rxf7 Kxf7 33. f5 Qxf3 34. fxg6+
Kxg6 35. Rxf3 Be5 36. Kg1 Ra8 37. Rf1 Ra2 38. Rb1 Kf5 39. Nc7 b4 40. Nb5 Ra5
41. Nc7 bxc3 42. bxc3 Bxc3 43. Kf1 Ke4 44. Rc1 Ra1 45. Rxa1 Bxa1 46. Ke2 Bc3
47. Nb5 Bb4 48. Nc7 Ba5 49. Ne6 Kxd5 50. Ng5 Bd8 51. Nf3 Bf6 52. Ke3 Kc5 53.
Kd2 d5 54. Kc2 d4 55. Ne1 Kd5 56. Kd2 Ke4 57. Nf3 c3+ 0-1

[Event "28.Alpenpokal"]
[Site "?"]
[Date "2002.??.??"]
[Round "5"]
[White "Kahler, Kurt"]
[Black "Froehlich, Rainer"]
[Result "0-1"]
[WhiteElo "1745"]
[BlackElo "1933"]
[Annotator "ChessOrg"]
[PlyCount "70"]

1. e4 c5 2. Nf3 g6 3. d4 Bg7 4. Be3 Nf6 5. e5 Nd5 6. Bc4 Nxe3 7. fxe3 O-O 8.
O-O e6 9. Nc3 cxd4 10. exd4 d6 11. Qe1 Nc6 12. Kh1 dxe5 13. dxe5 Qc7 14. Nb5
Qb8 15. Nd6 Nxe5 16. Nxc8 Qxc8 17. Nxe5 Bxe5 18. Qxe5 Qxc4 19. c3 Rad8 20. Rf4
Qxa2 21. Rff1 Qc4 22. h3 Rd2 23. Rf4 Qc6 24. Qe4 Qxe4 25. Rxe4 Rxb2 26. Rxa7
Rc8 27. Rb4 Rxb4 28. cxb4 Rc7 29. Kg1 Kg7 30. Kf2 f5 31. b5 Kf6 32. b6 Rd7 33.
h4 h6 34. Kf3 e5 35. Ke3 g5 0-1

[Event "28.Alpenpokal"]
[Site "?"]
[Date "2002.??.??"]
[Round "5"]
[White "Drewitz, Friedel"]
[Black "Winter, Rudolf"]
[Result "0-1"]
[WhiteElo "1825"]
[BlackElo "1640"]
[Annotator "ChessOrg"]
[PlyCount "128"]

1. e4 e5 2. Nf3 Nc6 3. d4 exd4 4. Nxd4 Bc5 5. Be3 Qf6 6. c3 Nge7 7. Nf5 Bxe3 8.
Nxe3 d6 9. Nd2 Be6 10. Nf3 Ng6 11. Nd4 Nxd4 12. cxd4 c6 13. Qd2 O-O 14. g3 Qe7
15. f4 f5 16. e5 dxe5 17. dxe5 Rfd8 18. Qc3 Rac8 19. Be2 Rd7 20. O-O Qd8 21.
Rfd1 Ne7 22. Rxd7 Qxd7 23. Rd1 Nd5 24. Qd2 Qe7 25. Kg2 Rd8 26. Nxd5 Bxd5+ 27.
Kf2 Qc5+ 28. Qe3 Qxe3+ 29. Kxe3 Kf8 30. Bc4 Ke7 31. Bxd5 cxd5 32. Rc1 Rd7 33.
Kd4 Ke6 34. Rc5 g6 35. b4 h6 36. a4 g5 37. b5 gxf4 38. gxf4 h5 39. Rc3 Rg7 40.
Rc8 Rg4 41. Ke3 Rg2 42. Rf8 Rxh2 43. Rf6+ Ke7 44. Rxf5 h4 45. Rh5 Ke6 46. Rh6+
Kf5 47. Rf6+ Kg4 48. e6 Rh1 49. Kf2 Rh2+ 50. Ke3 Rh1 51. Kd4 Rd1+ 52. Kc5 h3
53. Rh6 d4 54. Kd6 d3 55. e7 Re1 56. Re6 d2 57. e8=Q d1=Q+ 58. Kc7 Rxe6 59.
Qxe6+ Kg3 60. Qe3+ Qf3 61. Qxa7 h2 62. Qxb7 Qxb7+ 63. Kxb7 h1=Q+ 64. Kb8 Kxf4
0-1

[Event "28.Alpenpokal"]
[Site "?"]
[Date "2002.??.??"]
[Round "5"]
[White "Tauscher, Max"]
[Black "Schneider, Miloca"]
[Result "1-0"]
[WhiteElo "1675"]
[BlackElo "2078"]
[Annotator "ChessOrg"]
[PlyCount "44"]

1. e4 d5 2. exd5 Qxd5 3. Nc3 Qa5 4. d4 c6 5. h3 Nf6 6. Nf3 Ne4 7. Bd2 Nxd2 8.
Qxd2 Bf5 9. d5 e6 10. Nd4 Bg6 11. dxe6 Qe5+ 12. Qe3 f6 13. O-O-O Bd6 14. Bc4 a5
15. Qf3 Ke7 16. Rhe1 Qc5 17. Bf1 a4 18. Ne4 Bxe4 19. Qxe4 g6 20. f4 Na6 21. a3
Nc7 22. g4 Nb5 1-0

[Event "28.Alpenpokal"]
[Site "?"]
[Date "2002.??.??"]
[Round "5"]
[White "Braunstein, Richard"]
[Black "Spurga, Josef"]
[Result "0-1"]
[WhiteElo "1566"]
[BlackElo "1899"]
[Annotator "ChessOrg"]
[PlyCount "54"]

1. e4 c5 2. Nf3 e6 3. d4 cxd4 4. Nxd4 Nf6 5. Bd3 a6 6. O-O Qc7 7. Nc3 b5 8. Re1
d6 9. Nf3 Nbd7 10. Bg5 Be7 11. Qe2 Bb7 12. e5 dxe5 13. Nxe5 Nxe5 14. Qxe5 Qxe5
15. Rxe5 Nd7 16. Bf4 Nxe5 17. Bxe5 O-O 18. Rd1 Rac8 19. Ne4 Rfd8 20. Ng3 f6 21.
Bf4 e5 22. Nf5 Bf8 23. Bg3 Be4 24. Ne3 Bxd3 25. cxd3 Bc5 26. Kf1 Bd4 27. Nf5
Rc2 0-1

[Event "28.Alpenpokal"]
[Site "?"]
[Date "2002.??.??"]
[Round "5"]
[White "Marek, Herbert"]
[Black "Wassem, Michael"]
[Result "1-0"]
[WhiteElo "1727"]
[BlackElo "1401"]
[Annotator "ChessOrg"]
[PlyCount "71"]

1. d4 Nf6 2. Bg5 d5 3. e3 e6 4. Bd3 Be7 5. Ne2 Nc6 6. c3 h6 7. Bh4 Bd7 8. Nd2
e5 9. dxe5 Nxe5 10. Bc2 Bg4 11. O-O Bh5 12. h3 Bg6 13. f4 Bxc2 14. Qxc2 Ng6 15.
Bg3 Bc5 16. Nd4 O-O 17. N2f3 Nh5 18. Bh2 Re8 19. Ne5 Nxe5 20. fxe5 f6 21. Qg6
fxe5 22. Qxh5 exd4 23. Qf7+ Kh8 24. exd4 Rf8 25. Qg6 Bd6 26. Be5 Bxe5 27. dxe5
Qe8 28. Rxf8+ Qxf8 29. Rf1 Qe8 30. Qf5 Kg8 31. e6 Qf8 32. Qxd5 Qe7 33. Rf7 Rd8
34. Rxe7 Rxd5 35. Rxc7 Rb5 36. Rc8+ 1-0

[Event "28.Alpenpokal"]
[Site "?"]
[Date "2002.??.??"]
[Round "5"]
[White "Johannsen, Ingbert"]
[Black "Dittler, Volkfried"]
[Result "1/2-1/2"]
[WhiteElo "2037"]
[BlackElo "1623"]
[Annotator "ChessOrg"]
[PlyCount "107"]

1. e4 e5 2. Nc3 Nc6 3. f4 Bc5 4. Nf3 d6 5. h3 Nf6 6. g4 d5 7. exd5 Nxd5 8. Ne4
Bb6 9. f5 Nd4 10. c3 Nxf3+ 11. Qxf3 Qh4+ 12. Kd1 Bd7 13. d3 Ba4+ 14. b3 Bc6 15.
Kc2 Nxc3 16. Bb2 Nxe4 17. dxe4 O-O-O 18. Bd3 Qe7 19. Rad1 Bd4 20. h4 Rd7 21. g5
Rhd8 22. f6 Qc5+ 23. Kb1 g6 24. Rc1 Qb4 25. Rc4 Qd2 26. Bc1 Qa5 27. Rc2 Bb6 28.
Bf1 Kb8 29. h5 Rd4 30. Rxc6 bxc6 31. hxg6 hxg6 32. Bc4 R4d7 33. a3 Qc5 34. Rh7
Rd1 35. Kc2 Qg1 36. Bb2 R1d2+ 37. Kc3 Qd4+ 38. Kb4 Qc5+ 39. Kc3 Ba5+ 40. b4
Qd4+ 41. Kb3 Qxb2+ 42. Ka4 Bb6 43. Rxf7 R2d7 44. Rxd7 Rxd7 45. f7 Bc5 46. bxc5
Rxf7 47. Qxf7 Qc2+ 48. Bb3 Qxe4+ 49. Qc4 Qf5 50. Qg8+ Kb7 51. Qe6 Qxg5 52. Bd1
Qf4+ 53. Ka5 Qd2+ 54. Ka4 1/2-1/2

[Event "28.Alpenpokal"]
[Site "?"]
[Date "2002.??.??"]
[Round "5"]
[White "Panneke, Kurt"]
[Black "Czech, Gerhard"]
[Result "1-0"]
[WhiteElo "1764"]
[BlackElo "1658"]
[Annotator "ChessOrg"]
[PlyCount "59"]

1. d4 Nf6 2. Nf3 g6 3. Bg5 Bg7 4. Nbd2 d5 5. c3 Nc6 6. e3 a6 7. Qb3 b5 8. a4
Na5 9. Qb4 c6 10. axb5 Nc4 11. bxc6 Nxd2 12. Nxd2 O-O 13. Be2 h6 14. Bh4 g5 15.
Bg3 Ne8 16. Nb3 Nd6 17. Bxd6 exd6 18. O-O Qc7 19. Na5 Rb8 20. Qa3 Rb6 21. b4
Be6 22. Bd3 f5 23. f4 g4 24. g3 Rfb8 25. Rfb1 Bc8 26. Qb3 Be6 27. Qc2 Qe7 28.
Qe2 Bc8 29. Kf2 h5 30. h3 1-0

[Event "28.Alpenpokal"]
[Site "?"]
[Date "2002.??.??"]
[Round "5"]
[White "Struwecker, Sigurd"]
[Black "Thonig, Manfred"]
[Result "0-1"]
[WhiteElo "1750"]
[BlackElo "1551"]
[Annotator "ChessOrg"]
[PlyCount "94"]

1. d4 f5 2. c4 b6 3. Bf4 Bb7 4. e3 Nf6 5. Nc3 e6 6. Nf3 Bb4 7. Be2 Ne4 8. Qc2
d6 9. h4 Nd7 10. Ng5 Bxc3+ 11. bxc3 Nxg5 12. Bxg5 Nf6 13. f3 O-O 14. Kf2 Qe8
15. Bxf6 Rxf6 16. f4 Qg6 17. Rag1 Qf7 18. Rh3 Rh6 19. Qd1 Qe7 20. Rgh1 Rd8 21.
Bf3 d5 22. cxd5 exd5 23. c4 c6 24. Qb3 Rhd6 25. cxd5 cxd5 26. Rc1 Kh8 27. Rhh1
Ba6 28. Qc2 Re8 29. Qd2 Bc4 30. a3 b5 31. g3 a5 32. Rhe1 Ra6 33. Rb1 Qxa3 34.
Rec1 Rae6 35. Rc3 Qe7 36. Re1 b4 37. Rc2 a4 38. Rb2 Rb8 39. Reb1 b3 40. Qc3 a3
41. Rxb3 Bxb3 42. Rxb3 Rxb3 43. Qxb3 Rxe3 44. Qxd5 Qe8 45. Qxf5 Rc3 46. Be4 Qg8
47. Qa5 Qa2+ 0-1

[Event "28.Alpenpokal"]
[Site "?"]
[Date "2002.??.??"]
[Round "5"]
[White "Boehm, Karl"]
[Black "Schenfeld, Waldemar"]
[Result "0-1"]
[WhiteElo "1681"]
[BlackElo "1429"]
[Annotator "ChessOrg"]
[PlyCount "118"]

1. d4 d5 2. c4 Nf6 3. Nc3 e6 4. Bg5 c6 5. e3 Be7 6. Nf3 Nbd7 7. Bd3 Qb6 8. Qc2
h6 9. Bh4 O-O 10. O-O Re8 11. Rfe1 a6 12. Rab1 a5 13. Qe2 Qd8 14. e4 dxe4 15.
Nxe4 Nxe4 16. Qxe4 Nf8 17. Bxe7 Qxe7 18. Ne5 Rd8 19. Rbd1 Qd6 20. Bc2 a4 21.
Re3 a3 22. b3 Ra5 23. h3 Bd7 24. Rf3 Be8 25. Qf4 Qe7 26. Rg3 Kh8 27. Rf3 g5 28.
Nxf7+ Kg7 29. Nxg5 hxg5 30. Qe4 Bh5 31. Rxf8 Kxf8 32. g4 Bf7 33. Qh7 Qf6 34.
Qe4 e5 35. b4 Raa8 36. d5 cxd5 37. cxd5 Rd6 38. Bb3 Rad8 39. b5 Qf4 40. Qc2
Bxd5 41. Qc5 b6 42. Qxa3 Kg7 43. Rxd5 Rxd5 44. Qe7+ Qf7 45. Qxg5+ Kf8 46. Qh6+
Qg7 47. Qxb6 Qe7 48. Qg6 Qf7 49. Qc6 R5d6 50. Qc5 Qe7 51. Qc4 Rd5 52. b6 Qc5
53. Qa6 Rd2 54. Qf1 Qxb6 55. Qg2 R8d6 56. Qa8+ Qd8 57. Qf3+ Rf6 58. Qe3 Qd4 59.
g5 Rfxf2 0-1

[Event "28.Alpenpokal"]
[Site "?"]
[Date "2002.??.??"]
[Round "5"]
[White "Otto, Matthias"]
[Black "Schweiger, Thomas"]
[Result "1-0"]
[WhiteElo "1660"]
[BlackElo "1300"]
[Annotator "ChessOrg"]
[PlyCount "47"]

1. e4 e5 2. Nf3 Nf6 3. Nc3 d6 4. Bc4 h6 5. d4 Bg4 6. dxe5 Bxf3 7. Qxf3 dxe5 8.
O-O Bd6 9. Qg3 g5 10. Qf3 Nbd7 11. Be3 c6 12. Rfd1 Qe7 13. Rd2 O-O-O 14. a3 g4
15. Qe2 Nc5 16. b4 Ncxe4 17. Nxe4 Nxe4 18. Qxg4+ Kc7 19. Qxe4 Rdf8 20. Bxa7 f5
21. Qe3 f4 22. Qb6+ Kc8 23. Be2 e4 24. Bg4+ 1-0

[Event "28.Alpenpokal"]
[Site "?"]
[Date "2002.??.??"]
[Round "5"]
[White "Aufmwasser, Guenter"]
[Black "Meyer, Thomas"]
[Result "1/2-1/2"]
[WhiteElo "1616"]
[BlackElo "1649"]
[Annotator "ChessOrg"]
[PlyCount "31"]

1. f4 d5 2. Nf3 e6 3. e3 c5 4. b3 Nf6 5. Bb2 Nc6 6. Bb5 Bd7 7. O-O Be7 8. Bxc6
Bxc6 9. Ne5 Rc8 10. d3 O-O 11. Nd2 Nd7 12. Ndf3 f6 13. Ng4 b5 14. Qe1 Qe8 15.
Qg3 Qh5 16. Nf2 1/2-1/2

[Event "28.Alpenpokal"]
[Site "?"]
[Date "2002.??.??"]
[Round "5"]
[White "Kaiser, Hans"]
[Black "Girod, Gudrun"]
[Result "1/2-1/2"]
[WhiteElo "1679"]
[BlackElo "1366"]
[Annotator "ChessOrg"]
[PlyCount "116"]

1. e4 e5 2. Nf3 d6 3. d4 exd4 4. Nxd4 Be7 5. Bc4 Nf6 6. Qe2 O-O 7. Nc3 c5 8.
Nf3 Bg4 9. h3 Bxf3 10. Qxf3 h6 11. O-O Nc6 12. Qg3 Kh8 13. Rd1 Nd4 14. Bd3 Nh7
15. Nd5 f6 16. c3 Nc6 17. f4 Re8 18. Qg6 Nf8 19. Qf7 Nh7 20. Re1 Nf8 21. Re3 g6
22. Rg3 Qd7 23. h4 Rac8 24. h5 Qe6 25. Qxe6 Nxe6 26. hxg6 Kg7 27. Ne3 Kh8 28.
Nf5 Bf8 29. g7+ Nxg7 30. Nxg7 Bxg7 31. Kf2 Ne7 32. c4 Nc6 33. Be3 Kg8 34. Rh1
Kf7 35. Rh5 Rh8 36. Rgh3 Nb4 37. Bb1 Nc6 38. Rd5 Ke7 39. Rg3 Rhg8 40. b3 b6 41.
Bd2 Nd4 42. Bc3 Ne6 43. Kf3 Nc7 44. Rh5 Kf7 45. f5 b5 46. Bd3 b4 47. Bb2 a5 48.
Bc1 Rh8 49. Rgh3 Rh7 50. Bf4 Rd8 51. g4 Na8 52. Bxh6 Rdh8 53. Bf4 Rxh5 54. Rxh5
Rxh5 55. gxh5 Bf8 56. h6 Kg8 57. Kg4 Kh7 58. Kh5 Nc7 1/2-1/2

[Event "28.Alpenpokal"]
[Site "?"]
[Date "2002.??.??"]
[Round "5"]
[White "Wempe, Anke"]
[Black "Wahl, Hedi"]
[Result "0-1"]
[WhiteElo "1200"]
[BlackElo "1436"]
[Annotator "ChessOrg"]
[PlyCount "90"]

1. e4 g6 2. d4 d6 3. Nf3 Bg7 4. Nc3 c6 5. Be2 Nf6 6. O-O O-O 7. Re1 Nbd7 8. h3
e5 9. Bc4 h6 10. dxe5 Nxe5 11. Nxe5 dxe5 12. Qf3 Qe7 13. Kf1 Be6 14. Bb3 Rad8
15. Be3 b6 16. a4 Bxb3 17. cxb3 Qb4 18. Bxh6 Qxb3 19. Bg5 Rd6 20. Rad1 Rfd8 21.
Rxd6 Rxd6 22. Bh4 Qc4+ 23. Kg1 Ne8 24. Qg4 Bf6 25. Qc8 Rd8 26. Qg4 Kg7 27.
Bxf6+ Nxf6 28. Qg5 Qc5 29. Rd1 Rxd1+ 30. Nxd1 Qd4 31. Nc3 Nh5 32. Qe3 Qxe3 33.
fxe3 Kf6 34. g4 Ng7 35. b4 Ne8 36. Kf2 Nd6 37. Kf3 Nc4 38. Ke2 a6 39. h4 Nd6
40. Kd3 c5 41. Nd5+ Kg7 42. Nxb6 cxb4 43. Nc4 Nxc4 44. Kxc4 a5 45. Kb3 Kh6 0-1

[Event "28.Alpenpokal"]
[Site "?"]
[Date "2002.??.??"]
[Round "6"]
[White "Assmann, Thomas"]
[Black "Schumacher, Gottfried"]
[Result "1-0"]
[WhiteElo "2334"]
[BlackElo "2186"]
[Annotator "ChessOrg"]
[PlyCount "144"]

1. d4 d5 2. Nf3 Nf6 3. c4 e6 4. cxd5 exd5 5. Nc3 Be7 6. Bg5 O-O 7. e3 b6 8. Bd3
c5 9. dxc5 bxc5 10. Bxf6 Bxf6 11. Nxd5 Bxb2 12. Rb1 Bf6 13. O-O Nd7 14. Qc2 h6
15. Rfd1 a5 16. Nb6 Ra7 17. Bh7+ Kh8 18. Bf5 Qe8 19. Nxc8 Qxc8 20. Rd6 Qe8 21.
Bxd7 Rxd7 22. Rxd7 Qxd7 23. Qxc5 Ra8 24. h3 a4 25. Qb5 Qe6 26. Qe2 Rc8 27. e4
Bc3 28. Rc1 a3 29. Rc2 Bb2 30. Rxc8+ Qxc8 31. Qd1 Qc4 32. Qd5 Qc1+ 33. Kh2 Qf4+
34. Kh1 f6 35. Qd8+ Kh7 36. Qd3 Kh8 37. g3 Qc7 38. Kg2 g5 39. Nd2 Kg7 40. Nc4
Qe7 41. Qd5 h5 42. Ne3 Qf8 43. h4 Qg8 44. Nf5+ Kh8 45. Kf3 g4+ 46. Kg2 Qf8 47.
Qe6 Be5 48. Ne7 Kg7 49. Qd7 Bb2 50. Nf5+ Kg6 51. Qd5 Be5 52. Ne3 Qe8 53. Nc4
Bb2 54. Kf1 Kh6 55. Ke2 Kg6 56. Nd6 Qf8 57. Kd3 Be5 58. Nc4 Qb8 59. Ke2 Bb2 60.
Qf5+ Kh6 61. Qf4+ Qxf4 62. gxf4 Bc1 63. f5 Kg7 64. Kd1 Bf4 65. Nxa3 g3 66. fxg3
Bxg3 67. Nb5 Bxh4 68. a4 Bf2 69. a5 Kh6 70. Ke2 Bc5 71. Kf3 Kg5 72. Nc7 Ba7 1-0

[Event "28.Alpenpokal"]
[Site "?"]
[Date "2002.??.??"]
[Round "6"]
[White "Kleifges, Matthias"]
[Black "Fischer, Ernst"]
[Result "1-0"]
[WhiteElo "2067"]
[BlackElo "2197"]
[Annotator "ChessOrg"]
[PlyCount "99"]

1. e4 e6 2. d4 d5 3. Nd2 Nf6 4. e5 Nfd7 5. Bd3 c5 6. c3 Nc6 7. Ne2 Qb6 8. Nf3
cxd4 9. cxd4 f6 10. exf6 Nxf6 11. O-O Bd6 12. Nc3 O-O 13. Be3 Bd7 14. Qe2 Rae8
15. Rad1 Qa5 16. Bb1 a6 17. Bg5 Qc7 18. Rfe1 Bf4 19. Bxf6 gxf6 20. g3 Bd6 21.
Nh4 Bc8 22. Qh5 Re7 23. f4 Rg7 24. Kh1 f5 25. Qe2 Be7 26. Nf3 Bf6 27. Na4 Qa5
28. Nc5 Nxd4 29. Nxd4 Bxd4 30. Nb3 Qb6 31. Nxd4 Rc7 32. Qd2 Rc4 33. b3 Rc7 34.
Qe3 Qd6 35. Rc1 Rff7 36. Rxc7 Rxc7 37. Rc1 Rxc1+ 38. Qxc1 b5 39. Qc3 Bd7 40. b4
a5 41. Qc5 Qb8 42. Bd3 axb4 43. Bxb5 Bxb5 44. Qxb5 Qa7 45. Qe8+ Kg7 46. Nxe6+
Kf6 47. Ng5 Kg7 48. Qe5+ Kg6 49. Qe6+ Kg7 50. Qxf5 1-0